LEADER 01529nam 2200529 450 001 9910810380103321 005 20200520144314.0 010 $a1-78328-208-8 035 $a(CKB)2550000001138615 035 $a(OCoLC)868297723 035 $a(CaPaEBR)ebrary10794285 035 $a(SSID)ssj0001139640 035 $a(PQKBManifestationID)11649244 035 $a(PQKBTitleCode)TC0001139640 035 $a(PQKBWorkID)11213787 035 $a(PQKB)10860790 035 $a(MiAaPQ)EBC1532032 035 $a(Au-PeEL)EBL1532032 035 $a(CaPaEBR)ebr10794285 035 $a(CaONFJC)MIL538285 035 $a(OCoLC)862376605 035 $a(PPN)228020026 035 $a(EXLCZ)992550000001138615 100 $a20111102d2013 uy 0 101 0 $aeng 135 $aurcnu|||||||| 181 $ctxt 182 $cc 183 $acr 200 10$aInstant Fancybox /$fKyle Diedrick 210 1$aBirmingham :$cPackt Publishing,$d2013. 215 $a1 online resource (74 p.) 300 $aBibliographic Level Mode of Issuance: Monograph 311 $a1-78328-207-X 311 $a1-306-07034-1 606 $aJavaScript (Computer program language) 606 $aPlug-ins (Computer programs) 615 0$aJavaScript (Computer program language) 615 0$aPlug-ins (Computer programs) 700 $aDiedrick$b Kyle$01635923 801 0$bMiAaPQ 801 1$bMiAaPQ 801 2$bMiAaPQ 906 $aBOOK 912 $a9910810380103321 996 $aInstant Fancybox$93976949 997 $aUNINA LEADER 01480nas 22004574a 450 001 996207142403316 005 20240413013259.0 035 $a(OCoLC)1083314159 035 $a(CKB)1000000000247325 035 $a(CONSER)cn2006702884 035 $a(EXLCZ)991000000000247325 100 $a20060519a20059999 sa- a 101 0 $aeng 135 $aurcn|||||| 181 $ctxt$2rdacontent 182 $cc$2rdamedia 183 $acr$2rdacarrier 200 00$aHousing market outlook$iCanada 210 $a[Ottawa] $cCanada Mortgage and Housing Corporation$d[2005]- 300 $aTitle from caption (viewed on May 19, 2006). 300 $aPublisher's website: http://www.cmhc-schl.gc.ca. 300 $aDistributed by the Government of Canada Depository Services Program. 311 $a1719-9123 606 $aHousing$zCanada$vStatistics$vPeriodicals 606 $aLogement$zCanada$vStatistiques$vPériodiques 606 $aHousing$2fast$3(OCoLC)fst00962245 607 $aCanada$2fast$1https://id.oclc.org/worldcat/entity/E39PBJkMHVW4rfVXPrhVP4VwG3 608 $aPeriodicals.$2fast 608 $aStatistics.$2fast 615 0$aHousing 615 6$aLogement 615 7$aHousing. 676 $a333.33 686 $acci1icc$2lacc 686 $acoll14$2lacc 686 $acoll20$2lacc 712 02$aCanada Mortgage and Housing Corporation. 906 $aJOURNAL 912 $a996207142403316 996 $aHousing market outlook$92574312 997 $aUNISA